| 000 | 00603nam a2200205Ia 4500 | ||
|---|---|---|---|
| 005 | 20250507130401.0 | ||
| 008 | 008 250505s9999 xx 000 0 chi d | ||
| 020 | _a9780333770900 | ||
| 037 | _aAnnuals, Advances | ||
| 040 |
_aEASL _beng _cEASL |
||
| 041 |
_achi _2eng |
||
| 084 |
_aZ41.P01, P1 _qEASL |
||
| 100 |
_aKeith Ronald C. Au. _9666548 |
||
| 245 | 0 | _aLaw and justice in China's new marketplace | |
| 260 |
_aUSA _bNewyork Palgrave USA _c2001 |
||
| 300 | _a315p. | ||
| 700 |
_aLin Zhiqiu Au. _9666549 |
||
| 942 |
_cTEXL _hZ41.P01, P1 |
||
| 999 |
_c1319388 _d1319388 |
||